000 00688nmm a2200229Ia 4500
008 251105s9999||||xx |||||||||||||||||und||
020 _a9788484286455
041 _aspa
100 _aPushkin, Aleksandr S.
245 0 _aUn siglo de cuentos rusos :
_b De Pushkin a Chéjov
264 _a[Madrid, España] :
_bAlba Editorial,
_c2011
300 _a421 páginas
490 _aClásica Maior
650 _aOther narratives
700 _aPushkin, Aleksandr S.
700 1 _a Gallego Ballestero, Víctor
700 1 _a García Gabaldón, Jesús
700 1 _a Otero, Fernando
700 1 _a Lacasa, Amaya
856 _uhttps://public.digitaliapublishing.com/a/38369
942 _cCF
999 _c70243
_d70243